00712 2200229 4500001002100000005001700021008004100038035002500079090001900104100003400123245009000157250001100247260007700258300002000335650002500355850001200380990001800392990001800410990001800428990001800446990001800464YOGYA-0209000002227220150406140103.0 ind  a0010-020900000022272 aT 297.2bInd J aINDONESIA. [Departemen Agama] aJuz Amma dan terjemahannyacProyek Pengadaan Kitab Suci Al-Qur an Departemen Agama RI aCet. 1 aJakartabProyek Pengadaan Kitab Suci Al-Qur an Departemen Agama RIc1979 a96 hlm.c21 cm. aAl-Qur an - Juz Amma aYOPDYOG a17034-PD/A.06 a17035-PD/A.06 a17036-PD/A.06 a17037-PD/A.06 a17038-PD/A.06